Are u fake or no - Statistics

General Stats
  • This quiz has been taken 3 times
  • The average score is 11 of 16
Answer Stats
Hint Answer % Correct
What color is her hair? (be nice) blonde
100%
What color are her eyes? blue
100%
What friends character is she most like? Monica
100%
Is she a sweet or savory person? sweet
100%
What is her shoe size? 9.5
67%
Where is Maddie's favorite Diet Coke from? Chick-Fil-A
67%
What is she scared of? (irrational) frogs
67%
What is Maddie's top love language? (top 2 accepted) Gifts
67%
Where is my number one vacation destination that I haven't been to? London
67%
What is she allergic to? nothing
67%
What is her least favorite genre of music? rap
67%
What is her car's name? Roxxy
67%
What is the first thing Maddie does when she gets to school? Wordle
67%
What is her full government name? Maddilyn Rose Fairchild
33%
Where is Maddie's favorite trip she's ever been on? New York
33%
What is Maddie's biggest dream/top of her bucket list? Hot air balloon
0%
No matching quizzes found
Score Distribution
Percent of People with Each Score
Percentile by Number Answered
Your Score History
You have not taken this quiz